03036nam a2200277 u 4500001001000000003000900010005001700019007000300036008004100039020001800080040002500098082001300123245005000136260007200186300002800258505178900286590002702075700002702102942001402129952011502143952011002258952011502368952012802483952013002611999001702741000027249DO-SdBNP20250218095630.0ta100810s2010 dr r 000 0 spa d a9789945870770 aDO-SdBNPbspacBNPHU 4bC71922200aColoquios 2009 /cÁngel Ortega ... [et al]. aSanto Domingo :bDirección Nacional de la Feria del Libro.c2010. a240 p. :bil. ;c23 cm.0 aMujer y literatura: personajes y género en los cuentos de Clarice Lispector/ Ángel Ortega --- Juan Bosch, el historiador/ Jesús Méndez Jiminián -- Una década de narrativa en la literatura infantil y juvenil dominicana (1981-1990)/Juilo Cuevas -- El concretismo y la poesía brasileña/ Enrique Eusebio -- Las novelas de Juan Bosch vistas por un novelista/ Manuel Salvador Gautier -- Doña Flor y dos maridos o la sublimidad de lo común/ Sélvido Candelaria -- Literatura brasileña en el contexto de las letras latinoamericana/Sélvido Candelaria -- Trazos acerca de la oralidad en un cuento de Joao Guimareas Rosa/ José Enrique García -- El concretismo brasileño y su lingüístico/Plinio Chahín -- Bosch, sus cuentos y la memoria/Armando Almánzar R. -- Bosch y el cuento/Arturo Rodríguez Fernández-- Entre el taller literario César Vallejo y la Generación de 80/Juan Byron -- Juntacadáveres: consolidación de la saga onettiana/Nan Chevalier -- el pozo de Onetti/ Máximo Vega -- El César Vallejo y los ochenta: una historia desigual/ César Zapata -- Clarice Lispector o la imposibilidad de sofocar la ternura del espanto/ Ángela Hernández -- La música brasileña en la sala puertorriqueña/Alberto Martínez-Márquez -- Juan Bosch: ensayismo democrático, práctica histórico-política y vertiente cultural/Odalís G. Pérez -- Hilda Hilst abandona la vida disonante para comprender la música de la muerte/Cristiane Grando -- Juan Carlos Onetty y los territorios del cuento hispanoamericano/ Eugenio Camacho -- Nostalgia, ironía y huellas semiautobiográficas en La Mañosa/Eugenio García Cuevas -- Juan Bosch: el cuentista/Clara Jorge -- La música brasileña: memoria de un dominicana/José G. Guerrero. aInventariado, 2020 /LP1 aOrtega, Ángel924066 2ddccLBS1 00102ddc56708DSaBNPHUbBNPHUcHDd2011-03-30oBNPHU DS C719p27249-30r2020-06-25te. 3w2020-06-25yLBS1 00102ddc51708PDaBNPHUbBNPHUcHDd2011-03-30oBNPHU DS C719p27249-10r2020-06-25w2020-06-25yLBS1 00102ddc51708PDaBNPHUbBNPHUcHDd2011-03-30oBNPHU PD C719p27249-20r2020-06-25te. 2w2020-06-25yLBS1 00102ddc56708DSaBNPHUbBNPHUcHDd2020-12-15eDonaciónoBNPHU DS C719p2020-0753r2020-12-15te. 4w2020-12-15yLBS1 00102ddc56708DSaBNPHUbBNPHUcCTd2023-02-01eDonaciónl0oBNPHU DS C719p2023-0526r2023-02-01te.5w2023-02-01yLBS1 c26741d26741